An introduction to Marxist philosophy / (Record no. 142938)

MARC details
000 -LEADER
fixed length control field 00878cam a2200265 4500
008 - FIXED-LENGTH DATA ELEMENTS--GENERAL INFORMATION
fixed length control field
020 ## - INTERNATIONAL STANDARD BOOK NUMBER
International Standard Book Number 0902030515 (pbk.)
049 ## - LOCAL HOLDINGS (OCLC)
Holding library MAIN
090 ## - LOCALLY ASSIGNED LC-TYPE CALL NUMBER (OCLC); LOCAL CALL NUMBER (RLIN)
Classification number (OCLC) (R) ; Classification number, CALL (RLIN) (NR) HX39.5
003 - CONTROL NUMBER IDENTIFIER
control field
005 - DATE AND TIME OF LATEST TRANSACTION
control field 20230123133118.0
040 ## - CATALOGING SOURCE
Transcribing agency NUST
100 1# - MAIN ENTRY--PERSONAL NAME
Personal name Jeffries, Peter.
245 13 - TITLE STATEMENT
Title An introduction to Marxist philosophy /
Statement of responsibility, etc. Peter Jeffries.
260 ## - PUBLICATION, DISTRIBUTION, ETC.
Place of publication, distribution, etc. London (186a Clapham High St., SW4 7UG) :
Name of publisher, distributor, etc. 'Keep Left',
Date of publication, distribution, etc. 1975.
300 ## - PHYSICAL DESCRIPTION
Extent 40 p. :
Other physical details ill., ports. ;
Dimensions 21 cm.
490 1# - SERIES STATEMENT
Series statement A 'Keep Left' pamphlet
500 ## - GENERAL NOTE
General note 'Reprinted from "Keep Left", official weekly paper of the Young Socialists ... 1973' - title page verso.
504 ## - BIBLIOGRAPHY, ETC. NOTE
Bibliography, etc. note Bibliography: p. 40.
650 #0 - SUBJECT ADDED ENTRY--TOPICAL TERM
Topical term or geographic name entry element Philosophy, Marxist.
653 ## - INDEX TERM--UNCONTROLLED
Uncontrolled term Marxist philosophy.
830 #0 - SERIES ADDED ENTRY--UNIFORM TITLE
Uniform title 'Keep Left' pamphlets.
907 ## - LOCAL DATA ELEMENT G, LDG (RLIN)
a .b1000726x
b 23-06-06
c 17-04-03
942 ## - ADDED ENTRY ELEMENTS (KOHA)
Koha item type Ordinary Loan Books
Call number prefix HX39.5
Holdings
Date last seen Total Checkouts Full call number Barcode Cost, replacement price Price effective from Koha item type Lost status Source of classification or shelving scheme Damaged status Not for loan Collection Withdrawn status Home library Current library Shelving location Date acquired Cost, normal purchase price
01/23/2023 4 HX39.5 JEF 92003021900 80.00 01/23/2023 BOOKS   LCC     NFIC   MAIN MAIN GEN 01/23/2023 80.00